00554nam a2200193 a 4500001001300000003000900013005001700022008004100039020000900080082001500089100002200104245007300126260005300199300000900252500003500261505001700296650002500313700002200338nice12345678IN_TiNIC20260116013629.0050524s1963 phia grp 000 0 eng  ac9400a281.1bWEB aWeber, Hans-Ruedi aMilitant Ministryb People and Pastors of the Early Church and Today aPhiladelphiabPhiladelphia Lutheran Churchc1963 a108p aincludes index and biblioraphy2 aBibliography aEarly-Church History1 aWeber, Hans-Ruedi